| 000 | 00868cam a2200265 i 4500 | ||
|---|---|---|---|
| 001 | 48950 | ||
| 003 | Mx-PuUPA | ||
| 005 | 20211001110330.0 | ||
| 008 | 140415s2003 mx a r 000 0 spa d | ||
| 020 | _a9701040562 | ||
| 040 |
_aMX-PuUPA _bspa _erda _cMx-PuUPA _dMx-PuUPA |
||
| 041 | 0 | _aspa | |
| 100 | 1 |
_aGraue Wiechers, Enrique, _d1951- _eautor _97643 |
|
| 245 | 1 | 0 |
_aOftalmología : _ben la practica de la medicina general / _cEnrique Graue Wiechers. |
| 250 | _aSegunda edición | ||
| 264 | 1 |
_aMéxico, D.F. : _bMcGraw-Hill Interamericana Editores, _c©2003 |
|
| 300 |
_a313 páginas : _bilustraciones ; _c26 cm. |
||
| 336 |
_atexto _2rdacontent _btxt |
||
| 337 |
_asin medio _2rdamedia _bn |
||
| 338 |
_avolumen _2rdacarrier _bnc |
||
| 650 | 4 | _aOftalmología | |
| 942 |
_2ddc _cLI _h617.7 _iG726 |
||
| 999 |
_c48950 _d48950 |
||